| 000 | 00433nam a22001337a 4500 | ||
|---|---|---|---|
| 008 | 240520b |||||||| |||| 00| 0 eng d | ||
| 050 | _aPQ 3982. O9052 1967 | ||
| 100 | _aFerdinand, Oyono | ||
| 245 |
_aThe old Man and the Medal/ _cOyono,Ferdinand |
||
| 260 |
_aUSA: _bWaveland Press, _c1967. |
||
| 300 |
_a167p. : _c20cm |
||
| 650 |
_aAfrican Writer Series. _xEnglish. |
||
| 942 |
_2lcc _cAFRICANA _hPQ 3982. O9052 1967 |
||
| 999 |
_c32019 _d32019 |
||